Stati per estensione della rete ferroviaria - Statistics

Statistiche generali
  • Questo quiz è stato fatto 59 volte
  • Il punteggio medio è 19 su 20
Statistiche sulle risposte
Lunghezza (km) Continente Stato % Corretto
38 550 Oceania Australia
100%
78 042 America del Nord Canada
100%
79 687 Asia Cina
100%
16 779 Europa Italia
100%
84 158 Asia / Europa Russia
100%
226 612 America del Nord Stati Uniti
100%
37 753 America del Sud Brasile
98%
29 488 Europa Francia
98%
34 074 Europa Germania
98%
26 487 America del Nord Messico
98%
14 832 Europa Spagna
98%
35 897 America del Sud Argentina
96%
63 327 Asia India
96%
23 747 Asia Giappone
94%
16 208 Europa Regno Unito
94%
21 891 Europa Ucraina
94%
24 787 Africa Sudafrica
91%
18 697 Asia / Europa Turchia
91%
19 419 Europa Polonia
87%
14 205 Asia / Europa Kazakistan
72%
Nessun quiz corrispondente trovato
Distribuzione punteggi
Percentuale di utenti per punteggio
Percentile per numero di risposta
I tuoi punteggi nel tempo
Non hai fatto questo quiz